| 000 | 00523nam a2200157Ia 4500 | ||
|---|---|---|---|
| 008 | 210716s2017 xx 000 0 und d | ||
| 020 | _a9789352135264 | ||
| 041 | _aeng | ||
| 082 | _a621.3821 PEAC | ||
| 100 | _aPearl, Cathy. | ||
| 245 |
_aDesigning voice user interfaces: principles of conversational experiences. _bPrinciples of conversational experiences. |
||
| 250 | _a1 | ||
| 260 |
_aNew Delhi _bShroff Publications and Distributers Pvt Ltd _c2017 |
||
| 300 | _axix,254 | ||
| 650 | _aCommunication Network(621.3821) | ||
| 999 |
_c195928 _d195928 |
||